000 nam a22 7a 4500
999 _c10734
_d10734
008 180222b ||||| |||| 00| 0 eng d
100 _aGupta,S.P.
_96586
245 _aWorkbook Social and Political Life-VI
260 _aNew Delhi
_bAPC
_c2012